LEADER 01411nam2 2200325 450 001 000032912 005 20221207134342.0 100 $a2017091411970----km-y0itay50------ba 101 0 $aeng 102 $aIT 105 $ay-------001yy 200 1 $aParticular navigational curves$epresented at the Quadripartite Meeting of European Institutes og Navigation - Rome, may 1970$fG. Simeon, A. Sposito, G. Lucarelli 210 $aNapoli$b1970$cIstituto Universitario Navale 215 $a7 p.$cill.$d30 cm 225 2 $aLavori scientifici e didattici$fAntonino Sposito 410 0$12001$aLavori scientifici e didattici 461 1$1001000034994$aG. Simeon - Opere 500 10$aParticular navigational curves : presented at the Quadripartite Meeting of European Institutes og Navigation - Rome, may 1970$91737982 610 1 $aMagnetismo terrestre$aMisurazione 610 1 $aNavigazione 676 $a623.89$v21$9Navigazione marina 700 1$aSimeon,$bGiuseppe$0426004 701 1$aSposito,$bAntonino$0630092 701 1$aLucarelli,$bG.$0782713 801 0$aIT$bUNIPARTHENOPE$c20200421$gRICA$2UNIMARC 912 $a000032912 951 $aColl. SIM. 2-4/6$bs.i.$cDSA$d2020 951 $aColl. SIM. 2-4 bis/6 bis$bs.i.$cDSA$d2020 996 $aParticular navigational curves : presented at the Quadripartite Meeting of European Institutes og Navigation - Rome, may 1970$91737982 997 $aUNIPARTHENOPE